| 000 | 01062nam a2200289Ia 4500 | ||
|---|---|---|---|
| 999 |
_c6714 _d6714 |
||
| 003 | OSt | ||
| 005 | 20200609162138.0 | ||
| 008 | 191128s1996 sp ad gr 000 0dspa d | ||
| 020 | _a8485855817 | ||
| 040 |
_aCO-JMCR _cCO-JMCR |
||
| 041 | 1 |
_aspa _heng |
|
| 082 | 0 | 4 |
_a330.12 / _bK783o _223 |
| 100 | 1 |
_aKrugman, Paul, _eautor _9825 |
|
| 245 | 1 | 0 |
_aLa organización espontánea de la economía / _cPaul Krugman ; traducción de Mónica Martín |
| 260 |
_aBarcelona : _bAntoni Bosch, _c1996 |
||
| 300 |
_aviii, 167 páginas : _bgráficos en blanco y negro ; _c22 cm. |
||
| 500 | _aIncluye índice analítico páginas 163-167. | ||
| 504 | _aBibliografía: páginas 159-161. | ||
| 505 | _aEmbriones, terremotos y ciencias económicas -- Autoorganziación en el tiempo y en el espacio | ||
| 534 | _pThe self-organizing economy | ||
| 546 | _aTraducido del inglés | ||
| 650 | 1 | 4 |
_aModelos económicos _95271 |
| 650 | 2 | 4 |
_aSistemas de control _95272 |
| 650 | 2 | 4 |
_aSistemas complejos _95273 |
| 700 | 1 |
_aMartín, Mónica, _etraductora _95274 |
|
| 942 |
_2ddc _cBK |
||